000 01212pam a2200313 a 4500
001 3958527
003 OSt
005 20230606120818.0
008 940105s1994 enkab b 001 0 eng
010 _a 94002290
020 _a1856492354 :
_c£60.00
040 _aDLC
_cDLC
_dDLC
043 _af------
050 0 0 _aTP360
_b.B5876 1994
082 0 0 _a333.9539096
245 0 0 _aBiomass energy and coal in Africa /
_cJ.B.S. Diphaha ... [et al.] ; edited by David O. Hall, Yu-shi Mao.
260 _aLondon ;
_aAtlantic Highlands, N.J. :
_bZed Books ;
_aGaborone, Botswana :
_bAfrican Energy Policy Research Network,
_c1994.
300 _axix, 196 p. :
_bill., maps ;
_c23 cm.
504 _aIncludes bibliographical references and index.
650 0 _aBiomass energy
_zAfrica.
650 0 _aCoal
_zAfrica.
700 1 _aDiphaha, J. B. S.
700 1 _aHall, D. O.
_q(David Oakley)
700 1 _aMao, Yu-shi,
_d1929-
710 2 _aAfrican Energy Policy Research Network.
906 _a7
_bcbc
_corignew
_d1
_eocip
_f19
_gy-gencatlg
942 _2ddc
_cBK
999 _c646
_d646